000 00625cam a2200217 4500500
005 20260405001817.0
041 _afre
042 _adc
100 1 0 _aRogé, Antoine
_eauthor
245 0 0 _aMatière à penser / septembre 2014
260 _c2014.
500 _a37
690 _aattention
690 _aJose Antonio Vargas
690 _alecture
690 _aLivre
690 _aNumérique
690 _aYves Citton
786 0 _nPhilosophie magazine | 82 | 9 | 2014-09-01 | p. 13-13 | 1951-1787
856 4 1 _uhttps://shs.cairn.info/magazine-philosophie-magazine-2014-9-page-13?lang=fr&redirect-ssocas=7080
999 _c2051310
_d2051310